Laberinto : poemario /
Shranjeno v:
| Glavni avtor: | |
|---|---|
| Format: | Neznan |
| Jezik: | Spanish |
| Izdano: |
[Tegucigalpa, Honduras]:
Gabriel Ruíz,
2002
|
| Serija: | Colección autores costarricenses de siglo XX
número 16 |
| Teme: | |
| Oznake: |
Označite
Brez oznak, prvi označite!
|
MARC
| LEADER | 000000000a22000000004500 | ||
|---|---|---|---|
| 001 | 001190 | ||
| 008 | 170623s1999 cr a|||| |||| 00| f spa d | ||
| 041 | 0 | |a español | |
| 082 | |a Ho861.4 |b O65-L | ||
| 100 | 1 | |a Ordóñez de Dilworth, Elena Marina | |
| 245 | 1 | 0 | |a Laberinto : |b poemario / |c Lil Picado |
| 260 | |a [Tegucigalpa, Honduras]: |b Gabriel Ruíz, |c 2002 | ||
| 300 | |a 106 páginas | ||
| 490 | 1 | |a Colección autores costarricenses de siglo XX |v número 16 | |
| 500 | |a Número de inscripción 14197 | ||
| 650 | 4 | |a LITERATURA HONDUREÑA |v POESÍA | |
| 942 | |2 ddc |c BK | ||
| 999 | |c 2273 |d 2273 | ||
